Étapes du tour de France 2025 - Statistiques

Statistiques générales
  • Ce quiz a été pris 61 fois
  • Le résultat moyen est 7 sur 21
Statistiques - réponses
Hint Réponse % Correct
1 Lille - Lille
87%
5 Caen - Caen
62%
4 Amiens - Rouen
49%
16 Montpellier - Mont Ventoux
40%
6 Bayeux - Vire
38%
7 Saint Malo - Mur de Bretagne
38%
3 Valenciennes - Dunkerque
36%
11 Toulouse - Toulouse
33%
9 Chinon - Châteauroux
31%
19 Albertville - La Plagne
29%
20 Nantua - Pontarlier
29%
15 Muret - Carcassonne
24%
2 Lauwin-Planque - Boulogne sur mer
24%
17 Bollène - Valence
22%
13 Loudenvielle - Peyragudes
22%
18 Vif - Courchevel Col de la Loze
22%
12 Auch - Hautacam
18%
14 Pau - Luchon Superbagnères
18%
8 Saint Méen-le-Grand - Laval
18%
10 Ennezat - Le Mont-Dore Puy de Sancy
13%
21 Mantes-la-Ville - Paris-Champs-Elysées
13%
Aucun quiz correspondant
Distribution des résultats
% des personnes avec chaque résultat
Percentile par nombre de réponses
Votre historique - résultats
Vous n’avez pas pris ce quiz